000 00743nam a22002417a 4500
999 _c13204
_d13204
003 AR-CdUCM
008 190411b ||||| |||| 00| 0 spa d
020 _a978-958-9458-38-9
040 _aMUNICIPALIDAD PROVINCIAL DEL CUSCO
_cBIBLIOTECA MUNICIPAL DEL CUSCO
082 _aES / 373.808 /
_bG14
100 _aGaleano Higua, Angel
_931460
245 _aFlores en la pared y otros relatos /
260 _aBogota :
_bFundación Arte & Ciencia,
_c2015.
300 _a71 paginas ;
_c21 cm.
440 _aGrupo literario el aprendiz de brujo
_931461
500 _aLiteratura
650 _aLiteratura
_983
650 _aHistoria
_9136
650 _aColombia
_9140
650 _aSiglo XX
_98
942 _2ddc
_cLIBROS
945 _apjha
_d2019-04-11